[Event "POR-ch U16"]
[Site "Braga"]
[Date "2013.08.04"]
[Round "4.8"]
[White "Alves, Joel Goncalo Mach"]
[Black "Fernandes, Miguel A Murtinho"]
[Result "0-1"]
[WhiteElo "1540"]
[BlackElo "1663"]
[PlyCount "78"]
[EventDate "2013.08.02"]
[EventType "swiss"]
[EventRounds "7"]
[EventCountry "POR"]
[SourceTitle "EXT 2015"]
[Source "ChessBase"]
[SourceDate "2014.11.20"]
[SourceVersion "1"]
[SourceVersionDate "2014.11.20"]
[SourceQuality "1"]

1. e4 c5 2. Nf3 Nc6 3. d4 cxd4 4. Nxd4 e5 5. Nxc6 bxc6 6. Nc3 Nf6 7. Bd3 Bb4 8. Bd2 0-0 9. a3 Bc5 10. b4 Bb6 11. Ne2 d5 12. Ng3 Ng4 13. 0-0 Qh4 14. h3 Nxf2 15. Rxf2 Qxg3 16. Qf3 Qxf2+ 17. Qxf2 Bxf2+ 18. Kxf2 f5 19. exd5 cxd5 20. Bb5 Bb7 21. Re1 e4 22. Bf4 Rac8 23. Re2 Rc3 24. a4 Bc6 25. Bxc6 Rxc6 26. Be5 Re8 27. Bd4 g6 28. c3 Rb8 29. a5 g5 30. Re1 Kf7 31. g3 Ke6 32. Ke3 Rb7 33. Rg1 Rbc7 34. Ra1 Rxc3+ 35. Bxc3 Rxc3+ 36. Kf2 d4 37. Rd1 Rc2+ 38. Kf1 d3 39. b5 Rb2 0-1

[Event "POR-ch U14"]
[Site "Torres Vedras"]
[Date "2012.03.26"]
[Round "3.4"]
[White "Alves, Joel Goncalo Mach"]
[Black "Martins, Guilherme Pires Tav"]
[Result "0-1"]
[WhiteElo "1482"]
[BlackElo "1735"]
[PlyCount "92"]
[EventDate "2012.03.24"]
[EventType "swiss"]
[EventRounds "7"]
[EventCountry "POR"]
[SourceTitle "EXT 2015"]
[Source "ChessBase"]
[SourceDate "2014.11.20"]
[SourceVersion "1"]
[SourceVersionDate "2014.11.20"]
[SourceQuality "1"]

1. e4 c5 2. Nf3 a6 3. c3 Nf6 4. e5 Nd5 5. Bc4 Nb6 6. Bb3 c4 7. Bc2 Nc6 8. b3 Qc7 9. Qe2 cxb3 10. axb3 e6 11. d4 d6 12. Bf4 Nd5 13. exd6 Bxd6 14. Bxd6 Qxd6 15. Ne5 Nxe5 16. Qxe5 Qxe5+ 17. dxe5 Bd7 18. c4 Nb4 19. Be4 Bc6 20. Bxc6+ Nxc6 21. Nc3 Nxe5 22. Ne4 Ke7 23. Ke2 Rac8 24. Ra5 Nc6 25. Rg5 g6 26. Nc5 f6 27. Rg3 Nd4+ 28. Kd2 Nf5 29. Nxb7 Nxg3 30. hxg3 Rc7 31. Na5 h5 32. g4 h4 33. g3 g5 34. f4 Rcc8 35. gxh4 Rxh4 36. Rxh4 gxh4 37. Ke2 Kd6 38. b4 Rb8 39. b5 axb5 40. cxb5 Rxb5 41. Nc4+ Kd5 42. Ne3+ Ke4 43. Ng2 Rb2+ 44. Kf1 Rxg2 45. Kxg2 Kxf4 46. Kh3 Ke5 0-1